UBT Library

Environmental science / (Record no. 45203)

000 -LEADER
fixed length control field 00857cam a22002774a 4500
001 - CONTROL NUMBER
control field 14183796
005 - DATE AND TIME OF LATEST TRANSACTION
control field 20180316043510.0
008 - FIXED-LENGTH DATA ELEMENTS--GENERAL INFORMATION
fixed length control field 051129s2006 mauab b 001 0 eng
010 ## - LIBRARY OF CONGRESS CONTROL NUMBER
LC control number 2005034987
015 ## - NATIONAL BIBLIOGRAPHY NUMBER
National bibliography number GBA609313
Source bnb
016 7# - NATIONAL BIBLIOGRAPHIC AGENCY CONTROL NUMBER
Record control number 013366750
Source Uk
020 ## - INTERNATIONAL STANDARD BOOK NUMBER
International Standard Book Number 0763708607 (alk. paper)
035 ## - SYSTEM CONTROL NUMBER
System control number (OCoLC)ocm62421236
040 ## - CATALOGING SOURCE
Original cataloging agency DLC
Transcribing agency DLC
Modifying agency YDX
-- BAKER
-- UKM
-- DLC
041 ## - LANGUAGE CODE
Language code of text/sound track or separate title eng
042 ## - AUTHENTICATION CODE
Authentication code pcc
080 ## - UNIVERSAL DECIMAL CLASSIFICATION NUMBER
Universal Decimal Classification number 363.7 CHIR
082 00 - DEWEY DECIMAL CLASSIFICATION NUMBER
Classification number 363.7 CHIR
Edition number 22
100 1# - Rafti
Rafti 9
101 ## - Shkurtesa
Shkurtesa MJE
245 10 - TITLE STATEMENT
Title Environmental science /
Statement of responsibility, etc Daniel D. Chiras.
504 ## - BIBLIOGRAPHY, ETC. NOTE
Bibliography, etc Includes bibliographical references (p. 630-642) and index.
906 ## - LOCAL DATA ELEMENT F, LDF (RLIN)
a 7
b cbc
c orignew
d 1
e ecip
f 20
g y-gencatlg
942 ## - ADDED ENTRY ELEMENTS (KOHA)
Source of classification or shelving scheme
Item type Books
Holdings
Withdrawn status Lost status Source of classification or shelving scheme Damaged status Not for loan Collection code Permanent location Current location Shelving location Date acquired Total Checkouts Full call number Barcode Date last seen Price effective from Koha item type
          Koleksioni i përgjithshem UBT - Lipjan UBT - Lipjan Koleksioni i përgjithshem 03/16/2018   363.7 CHIR 002-3001625 03/16/2018 03/16/2018 Books
UBT Library © 2015-2024. All rights reserved University Education for Business and Technology